00326nam a2200085Ia 4500008004100000082001500041100004000056245012900096260001500225230320s9999||||xx |||||||||||||| ||spa|| aTMG/2018/5 aPachauri Calderón, Miryam Liliana 0aLa Creatividad Y El Desempeño Profesional En Docentes De Instituciones Castrenses Del Nivel Primario De La Región Callao bLima, 2018